000
00430nam a2200133Ia 4500
008
100328s9999 xx 000 0 und d
082
_b
12759
100
_a
प्रफुल्लदत्त
245
_a
तपोवनातील दुर्वा
260
_b
गावकरी
630
_a
तपोवनातील दुर्वा
730
_a
तपोवनातील दुर्वा
942
_c
BOOK
999
_c
507990
_d
507987